000 00294nam a2200121Ia 4500
008 190216s9999||||xx |||||||||||||| ||und||
100 _aRaja K C A
245 0 _aHearts And Minds
260 _bSouthern Publishing Associations
_c1987
300 _a121p
650 _aEnglish Poetry
942 _cBK
999 _c13873
_d13873